Single and multi-hop distance bounding authentication protocols : πτυχιακή εργασία

H πανταχού παρουσία υπολογιστικής έχει οδηγήσει σε πολλαπλές ετερογενείς συσκευές με αυξημένη συνδεσιμότητα. Στο παράδειγμα μας, τα πάντα είναι μεταξύ τους συνδεδεμένα και η αυθεντικοποίηση με βάση την εγγύτητα αποτελεί σημαντική απαίτηση σε πολλές εφαρμογές όπως ανέπαφες συναλλαγές και ελέγχου πρόσ...

Πλήρης περιγραφή

Αποθηκεύτηκε σε:
Λεπτομέρειες βιβλιογραφικής εγγραφής
Κύριος συγγραφέας: Καλούδη, Νεκταρία
Συγγραφή απο Οργανισμό/Αρχή: Πανεπιστήμιο Αιγαίου. Σχολή Θετικών Επιστημών. Τμήμα Μηχανικών Πληροφοριακών και Επικοινωνιακών Συστημάτων
Μορφή: Thesis Βιβλίο
Γλώσσα:English
Δημοσίευση: 2016.
Θέματα:
Διαθέσιμο Online:http://hdl.handle.net/11610/19608
Ετικέτες: Προσθήκη ετικέτας
Δεν υπάρχουν, Καταχωρήστε ετικέτα πρώτοι!

MARC

LEADER 00000cam a2200000 a 4500
001 1/113762
008 170503s2016####gr | ||| |||| ||eng||
040 |a GR-MyUa  |b gre  |c GR-MyUa  |e AACR2 
041 0 |a eng 
082 7 |a 005.8   |2 (23)  
100 1 |a Καλούδη, Νεκταρία. 
245 1 0 |a Single and multi-hop distance bounding authentication protocols :   |b πτυχιακή εργασία /   |c Nektaria Kaloudi ; supervisor Panagiotis Rizomiliotis.  
260 |c 2016.  
300 |a ix, 34 σ. :   |b σχέδια, πιν. ;   |c 30 εκ.  
500 |a Μέλη της εξεταστικής επιτροπής: Παναγιώτης Ριζομυλιώτης, Γεώργιος Καμπουράκης, Δημοσθένης Βουγιούκας. 
502 |a Πτυχιακή εργασία - Πανεπιστήμιο Αιγαίου, Σάμος, 2016.  
504 |a Βιβλιογραφία: σ. 32-34.  
506 1 |a Διάθεση πλήρους κειμένου ;   |d Ενδοπανεπιστημιακή δημοσίευση μετά τις 31/12/2020.  
520 8 |a H πανταχού παρουσία υπολογιστικής έχει οδηγήσει σε πολλαπλές ετερογενείς συσκευές με αυξημένη συνδεσιμότητα. Στο παράδειγμα μας, τα πάντα είναι μεταξύ τους συνδεδεμένα και η αυθεντικοποίηση με βάση την εγγύτητα αποτελεί σημαντική απαίτηση σε πολλές εφαρμογές όπως ανέπαφες συναλλαγές και ελέγχου πρόσβασης σε υπηρεσίες και μέρη με περιορισμένους πόρους. Τα πρωτόκολλα distance-bounding είναι η κύρια προσέγγιση για να επιτυγχάνουμε ακριβή αυθεντικοποίηση με βάση την εγγύτητα. Τα παραδοσιακά distance-bounding χρειάζονται έναν prover και έναν verifier που βρίσκονται στην ίδια εμβέλεια επικοινωνίας. Πρόσφατα, Pagnin και άλλοι πρότειναν ένα two-hop distance-bounding πρωτόκολλο που επιτρέπει αυθεντικοποίηση με βάση την εγγύτητα όταν ο prover και ο verifier δεν βρίσκονται στην ίδια εμβέλεια επικοινωνίας και χρειάζεται να μεταβιβάσουν τα μηνύματα σε μια ενδιάμεση μη-έμπιστη οντότητα(linker). Αυτή η πτυχιακή εργασία αναφέρεται στη προσθήκη νέων χαρακτηριστικών στα κλασσικά one-hop distance bounding πρωτόκολλα. Επιπλέον, αναλύουμε περαιτέρω το θέμα του two-hop distance bounding, αναλύουμε την ασφάλεια του για πιθανούς ενδιάμεσους επιτιθέμενους και την επίπτωση της θέσης του Linker στη distance bounding διαδικασία. Προτείνουμε ένα νέο two-hop distance bounding πρωτόκολλο που είναι πιο ελαφρύ και αποφεύγει τα προβλήματα που εντοπίστηκαν. Τέλος, το επεκτείνουμε σε multi-hop περιβάλλον και παρέχουμε μια λεπτομερή ανάλυση ασφαλείας.  
650 0 |a Dissertations, Academic  |z Greece. 
650 0 |a Authentication. 
650 0 |a Wireless communication systems  |x Security measures. 
700 1 |a Ριζομυλιώτης, Παναγιώτης,  |e dgs 
710 2 |a Πανεπιστήμιο Αιγαίου.   |b Σχολή Θετικών Επιστημών.   |b Τμήμα Μηχανικών Πληροφοριακών και Επικοινωνιακών Συστημάτων. 
852 |a INST  |b SAMOS  |c DIATR  |e 20170503  |h 005.8 ΚΑΛ  |p 005300044545  |q 005300044545  |t DIE  |y 23 
856 |u http://hdl.handle.net/11610/19608 
924 |a Καλούδη  |b Νεκταρία  |y Σάμος  |z 2016-09 
970 |a Κοσιέρης  |b Χρήστος  |z 03-05-2017